000 00439cam a2200145 4500500
005 20251012012412.0
041 _afre
042 _adc
100 1 0 _aPernes, Caroline
_eauthor
245 0 0 _aLondres
260 _c2022.
500 _a33
786 0 _nPhilosophie magazine | 165 | 12 | 2022-12-01 | p. 72-72 | 1951-1787
856 4 1 _uhttps://shs.cairn.info/magazine-philosophie-magazine-2022-12-page-72?lang=fr&redirect-ssocas=7080
999 _c1526568
_d1526568